Jackass :Membre du Casting ou Pas ? (Mort Subite) - Statistiques

Statistiques générales
  • Ce quiz a été pris 12 fois
  • Le résultat moyen est 5 sur 14
Answers on the Grid
Answers color-coded by a green-red scale on the quiz's grid according to % correct below.
Johnny Knoxville
Steve-O
Bam Margera
Chris Pontius
Ryan Dunn
Jason "Wee Man" Acuña
Preston Lacy
Dave England
Ehren McGhehey
Sean "Poopies" McInerney
Jasper Dolphin
Zach Holmes
Rachel Wolfson
Eric Manaka
Tony Hawk
Special Greg
Brandon Novak
Henry Rollins
Dirty Sanchez
Murr
T-Bone
Chumlee
Pritchard
Rake Yohn
 
Statistiques - réponses
Réponse % Correct
Steve-O
67%
Bam Margera
56%
Chris Pontius
56%
Johnny Knoxville
56%
Jason "Wee Man" Acuña
44%
Ryan Dunn
44%
Eric Manaka
33%
Preston Lacy
33%
Dave England
22%
Ehren McGhehey
22%
Rachel Wolfson
22%
Sean "Poopies" McInerney
22%
Zach Holmes
22%
Jasper Dolphin
11%
Aucun quiz correspondant
Distribution des résultats
% des personnes avec chaque résultat
Percentile par nombre de réponses
Votre historique - résultats
Vous n’avez pas pris ce quiz